Opis teoretických rozdelení pravdepodobnosti simulačného systému Witness(The description in simulation system Wiitness)[CD] : bakalárska práca

Guardado en:
Detalles Bibliográficos
Autor principal: Husek, Juraj (Autor)
Otros Autores: Jerz, Vladimír, 1957- (xxx)
Formato: Manuscrito Libro
Lenguaje:eslovaco
Publicado: Bratislava : STU v Bratislave SjF, 2009
Edición:1.vyd
Materias:
Etiquetas: Agregar Etiqueta
Sin Etiquetas, Sea el primero en etiquetar este registro!

MARC

LEADER 00000ntm a22000003a 4500
001 stu196584
005 20150617230025.7
008 091203s2009----xo------------------slo-d
040 |a STU  |b slo 
041 0 |a slo 
044 |a xo 
100 1 |a Husek, Juraj  |4 aut  |u J0070  |9 100  |U SjF Strojnícka fakulta  |T SjF Ústav výrobných systémov, enviromentálnej techniky a manažment kvality  |X 41185  |U J0070  |Y 804  |7 A000041185 
245 1 |a Opis teoretických rozdelení pravdepodobnosti simulačného systému Witness(The description in simulation system Wiitness)[CD] :  |b bakalárska práca 
250 |a 1.vyd 
260 |a Bratislava :  |b STU v Bratislave SjF,  |c 2009 
300 |a 49 s 
650 7 |a náhodné veličiny  |2 stusub 
650 7 |a systém Witness  |2 stusub 
650 7 |a parametre  |2 stusub 
650 7 |a system Witness  |2 estusub 
700 1 |a Jerz, Vladimír,  |d 1957-  |4 xxx  |u J0070  |U SjF Strojnícka fakulta  |T SjF Ústav výrobných systémov, enviromentálnej techniky a manažment kvality  |X 2407  |U J0070  |Y 804  |7 A000002407 
996 |b 284J035828  |c J*438/BP  |l JJSK  |s A  |a 24  |w stu196584_0001